| 000 | 01923nam a2200577 i 4500 | ||
|---|---|---|---|
| 001 | 55204 | ||
| 003 | KOSZ 005 | ||
| 005 | 20250813063409.0 | ||
| 008 | 070202s2006 pl a f f |001 0 pol | ||
| 015 | _aUWD 2007/2993 | ||
| 020 | _a8324600590 | ||
| 035 | _a991032931159705066 | ||
| 035 | _a(PL-WaBN)b18827767-48omnis_nlop | ||
| 035 | _ab18827767 | ||
| 035 | _a(OCoLC)749149024 | ||
| 035 | _azz2006836494 | ||
| 035 | _a(PL)b0000001882776 | ||
| 035 | _a(EXLNZ-48OMNIS_NETWORK)9910012583705606 | ||
| 040 |
_aWA N _cWA N _dLUBL KUL _dKOSZ 005/HR |
||
| 041 | 1 |
_apol _heng |
|
| 046 | _k2004 | ||
| 080 | _a366.1 | ||
| 080 | _a339.138 | ||
| 080 | _a659.1 | ||
| 100 | 1 |
_aSolomon, Michael R. _d(1956- ) _eAutor |
|
| 245 | 1 | 0 |
_aZachowania i zwyczaje konsumentów / _cMichael R. Solomon ; [tł. Agnieszka Kasoń-Opitek, Joanna Sugiero, Bartosz Sałbut]. |
| 246 | 1 |
_iTyt. oryg.: _aConsumer behavior, _f2004 |
|
| 260 |
_aGliwice : _bWydawnictwo Helion, _ccop. 2006. |
||
| 300 |
_a639 s. : _bil. kolor. ; _c29 cm. |
||
| 336 |
_aTekst _btxt _2rdacontent |
||
| 337 |
_aBez urządzenia pośredniczącego _bn _2rdamedia |
||
| 338 |
_aWolumin _bnc _2rdacarrier |
||
| 380 | _aKsiążki | ||
| 388 | _a2001- | ||
| 490 | 1 | _aOnepress Exclusive | |
| 500 | _aWyd. 6 dotyczy oryg. | ||
| 504 | _aIndeks. | ||
| 650 | 7 |
_aKonsumenci (ekonomia) _2DBN |
|
| 650 | 7 | _aNawyki konsumenckie | |
| 650 | 7 |
_aMarketing _2DBN |
|
| 650 | 7 |
_aReklama _2DBN |
|
| 658 | _aZarządzanie i marketing | ||
| 700 | 1 |
_aKasoń-Opitek, Agnieszka _eTłumaczenie |
|
| 700 | 1 |
_aSałbut, Bartosz _eTłumaczenie |
|
| 700 | 1 |
_aSugiero, Joanna _eTłumaczenie |
|
| 710 | 2 |
_aHelion _4pbl |
|
| 830 | 0 | _aExclusive (Onepress) | |
| 856 |
_uhttp://koha.tu.koszalin.pl/cgi-bin/koha/opac-detail.pl?biblionumber=55204 _yKatalog online BPK |
||
| 942 |
_2UKD _cKS |
||
| 999 |
_c55204 _d55204 |
||